000
00325nam a2200133 a 4500
001
4144
005
20140414131904.0
008
090317s19uu xx 00 eng d
050
_a
FIC
_b
M41 1991
100
_a
Matas, Carol
245
_a
Adventure in Legoland.
260
_a
New York :
_b
Scholastic ,
_c
1991.
999
_c
110813
_d
110813